Carlos V /
Wedi'i Gadw mewn:
| Prif Awdur: | |
|---|---|
| Fformat: | Llyfr |
| Iaith: | Sbaeneg |
| Cyhoeddwyd: |
Barcelona, España :
Ramón Sopena,
1968, c1968
|
| Cyfres: | (Biblioteca Sopena ;
90-3) |
| Pynciau: | |
| Tagiau: |
Dim Tagiau, Byddwch y cyntaf i dagio'r cofnod hwn!
|
MARC
| LEADER | 00000nam^a2200000^a^4500 | ||
|---|---|---|---|
| 001 | 000186842 | ||
| 005 | 20250521000000.0 | ||
| 009 | 20260310102240.299 | ||
| 037 | |a Acervo ITESO - Biblioteca | ||
| 041 | |a ESP | ||
| 082 | |a 946. 042 |b VER | ||
| 100 | |a Verdejo, Carmiña |e (autor) | ||
| 245 | 1 | 0 | |a Carlos V / |c C. Verdejo. |
| 264 | 4 | |a Barcelona, España : |b Ramón Sopena, |c 1968, c1968 | |
| 300 | |a 166 p. | ||
| 336 | |a texto |b txt |2 rdacontenido | ||
| 337 | |a sin mediación |b n |2 rdamedio | ||
| 338 | |a volumen |b nc |2 rdasoporte | ||
| 440 | 1 | |a (Biblioteca Sopena ; |v 90-3) | |
| 649 | |a XX | ||
| 650 | |a Reyes Españoles - |x Biografías | ||
| 650 | |a Emperadores Alemanes - |x Biografías | ||
| 650 | |a España - |x Historia - |y Carlos I, 1516-1556 | ||
| 650 | |a Alemania - |x Historia - |y Carlos V, 1519-1556 | ||
| 650 | |a Carlos I, Rey de España | ||
| 650 | |a Carlos V, Emperador de Alemania | ||
| 910 | |a Fondo General | ||
| 920 | |a Impresos - Libros | ||
| 930 | |a Colección General | ||
| 905 | |a 101 | ||
| 901 | |a 0500128564 |b IT1 |c ACC |u 20250521 | ||
| 902 | |a https://opac.biblio.iteso.mx/vufind/Record/000186842 | ||